[Event "36th Balaton Open A 2018"]
[Site "Balatonlelle"]
[Date "2018.06.18"]
[Round "7"]
[White "Terbe, Julianna"]
[Black "Forgacs, Jozsef"]
[Result "0-1"]
[WhiteElo "2242"]
[BlackElo "2199"]
[Annotator "NA"]
[PlyCount "67"]
[EventDate "2018.06.12"]
[EventType "swiss"]
[EventCountry "HUN"]
[SourceTitle "playchess.com"]
[Source "ChessBase"]
[SourceQuality "1"]
[TimeControl "40/5400+30:1800+30"]

1. Nf3 {[%emt 0:00:05]} d5 {[%emt 0:01:21]} 2. g3 {[%emt 0:00:12]} c6 {[%emt 0:00:08]} 3. Bg2 {[%emt 0:00:11]} Bg4 {[%emt 0:00:13]} 4. O-O {[%emt 0:00:09]} Nd7 {[%emt 0:00:10]} 5. d3 {[%emt 0:03:32]} e5 {[%emt 0:01:13]} 6. c4 {[%emt 0:03:07]} dxc4 {[%emt 0:00:42]} 7. dxc4 {[%emt 0:00:18]} Qc7 {[%emt 0:04:09]} 8. Nc3 {[%emt 0:00:39]} Ngf6 {[%emt 0:01:58]} 9. h3 {[%emt 0:04:58]} Bh5 {[%emt 0:07:40]} 10. Nh4 {[%emt 0:02:48] LiveBook: 5 Games} Bg6 {[%emt 0:13:08]} 11. Be3 {[%emt 0:02:33]} Bc5 $14 {[%emt 0:02:37]} 12. Qc1 {[%emt 0:09:44]} Be7 {[%emt 0:07:33]} 13. Nxg6 {[%emt 0:01:46]} hxg6 {[%emt 0:00:09]} 14. a3 {[%emt 0:01:43]} Nc5 {[%emt 0:05:22]} 15. Qc2 {[%emt 0:01:31]} Ne6 {[%emt 0:00:16]} 16. Rfd1 {[%emt 0:01:15]} Nd7 {[%emt 0:04:04]} 17. b4 {[%emt 0:04:03]} f5 {[%emt 0:03:09]} 18. Rac1 {[%emt 0:04:40]} Ng5 {[%emt 0:09:17]} 19. h4 {[%emt 0:05:45]} Nf7 {[%emt 0:01:13]} 20. Bd2 {[%emt 0:07:39]} Nf6 {[%emt 0:01:28]} 21. Qa4 {[%emt 0:02:34]} O-O {[%emt 0:04:15]} 22. c5 {[%emt 0:02:02]} a6 {[%emt 0:02:47]} 23. Qb3 {[%emt 0:01:33]} Rae8 {[%emt 0:04:07]} 24. Be1 {[%emt 0:05:40]} Kh8 {[%emt 0:02:01]} 25. Na4 {[%emt 0:03:42]} Bd8 {[%emt 0:06:32]} 26. Nb6 {[%emt 0:01:03]} Qe7 {[%emt 0:05:41]} 27. Nc4 {[%emt 0:00:43]} Bc7 {[%emt 0:00:15]} 28. a4 {[%emt 0:00:21]} f4 {[%emt 0:02:13]} 29. Kh1 {[%emt 0:09:58]} e4 {[%emt 0:00:39]} 30. b5 {[%emt 0:03:24]} axb5 {[%emt 0:00:13]} 31. axb5 {[%emt 0:00:05]} e3 {[%emt 0:00:37]} 32. bxc6 {[%emt 0:01:20]} Ng4 {[%emt 0:03:10]} 33. Bf3 {[%emt 0:04:42]} exf2 {[%emt 0:00:29]} 34. Rd7 {[%emt 0:03:31]} 0-1

[Event "36th Balaton Open A 2018"]
[Site "Balatonlelle"]
[Date "2018.06.18"]
[Round "7"]
[White "Suta, Andraz"]
[Black "Trajber, Daniel"]
[Result "1-0"]
[WhiteElo "2239"]
[BlackElo "2022"]
[Annotator "NA"]
[PlyCount "93"]
[EventDate "2018.06.12"]
[EventType "swiss"]
[EventCountry "HUN"]
[SourceTitle "playchess.com"]
[Source "ChessBase"]
[SourceQuality "1"]
[TimeControl "40/5400+30:1800+30"]

1. e4 {[%emt 0:00:02]} c5 {[%emt 0:00:49]} 2. Nf3 {[%emt 0:00:05]} d6 {[%emt 0:00:37]} 3. d4 {[%emt 0:00:04]} cxd4 {[%emt 0:00:21]} 4. Nxd4 {[%emt 0:00:02]} Nf6 {[%emt 0:00:28]} 5. Nc3 {[%emt 0:00:02]} a6 {[%emt 0:00:30]} 6. Bc4 {[%emt 0:00:05]} e6 {[%emt 0:00:34]} 7. Bb3 {[%emt 0:00:04]} b5 {[%emt 0:00:30]} 8. O-O {[%emt 0:00:23]} Be7 {[%emt 0:02:01]} 9. a3 {[%emt 0:10:41]} O-O {[%emt 0:02:16]} 10. Qd3 {[%emt 0:00:29] B87: Sicilian Scheveningen/Najdorf: 6 Bc4, with early ...b5} (10. f4 Bb7 11. f5 e5 12. Nde2 Nbd7 13. Ng3 h6 14. Kh1 Rc8 15. Be3 Re8 16. Qf3 Bf8 17. Rad1 Qa5 18. Bd2 Qc7 19. Bc1 Bc6 20. Nh5 a5 21. Nxf6+ Nxf6 {1-0 (30) Anwuli,D (2365)-Arun Prasad,S (2509) Dubai 2016}) 10... Bd7 $146 {[%emt 0:04:10]} ({Predecessor:} 10... Qb6 11. Rd1 Nbd7 12. Qg3 Ne5 13. Be3 Qb7 14. f3 Rb8 15. a4 Nc4 16. Bxc4 bxc4 17. Rab1 Bd7 18. Bh6 Ne8 {0-1 (18) Denzin,M (2009)-Sherwood,H (2331) ICCF email 2017}) 11. f4 {[%emt 0:25:18]} Nc6 {[%emt 0:04:53]} 12. Kh1 {[%emt 0:07:32]} Qc7 {[%emt 0:05:11]} 13. Nxc6 {[%emt 0:07:46]} Bxc6 {[%emt 0:01:36]} 14. f5 {[%emt 0:00:08]} e5 {[%emt 0:03:43]} 15. Bg5 {[%emt 0:03:04]} h6 {[%emt 0:10:56]} 16. Bxf6 {[%emt 0:00:22]} Bxf6 {[%emt 0:01:01]} 17. Bd5 {[%emt 0:00:56]} Rac8 {[%emt 0:02:12]} 18. Bxc6 {[%emt 0:05:12]} Qxc6 {[%emt 0:00:24]} 19. Rf2 {[%emt 0:07:57]} Qc5 {[%emt 0:07:09]} 20. Re2 {[%emt 0:01:41]} Qd4 {[%emt 0:08:26]} 21. Qg3 {[%emt 0:02:03]} Kh7 {[%emt 0:05:07]} 22. Rb1 {[%emt 0:01:41]} Bd8 {[%emt 0:05:19]} 23. Nd5 {[%emt 0:02:13]} Qc4 {[%emt 0:06:48]} 24. Rbe1 {[%emt 0:01:04]} Qd4 {[%emt 0:05:52]} 25. c3 {[%emt 0:00:23]} Qa7 {[%emt 0:00:08]} 26. Re3 {[%emt 0:07:20]} Bg5 {[%emt 0:06:54]} 27. Rf3 {[%emt 0:00:17]} Rc4 {[%emt 0:01:52]} 28. Qg4 {[%emt 0:10:49]} Qb7 {[%emt 0:04:22]} 29. Rd3 {[%emt 0:03:15]} g6 {[%emt 0:03:34]} 30. b3 {[%emt 0:01:15]} Rc6 {[%emt 0:01:30]} 31. Rh3 {[%emt 0:01:14]} Kg7 {[%emt 0:01:47]} 32. Rf1 {[%emt 0:00:32]} f6 {[%emt 0:01:19]} 33. fxg6 {[%emt 0:00:23]} Qc8 {[%emt 0:01:14]} 34. Qh5 {[%emt 0:00:21]} Qe8 {[%emt 0:00:39]} 35. Rf5 {[%emt 0:00:23]} Rh8 {[%emt 0:01:09]} 36. Rhf3 {[%emt 0:00:07]} Qe6 {[%emt 0:00:47]} 37. Qg4 {[%emt 0:00:59]} h5 {[%emt 0:00:36]} 38. Qg3 {[%emt 0:00:36]} Rh6 {[%emt 0:01:06]} 39. Rxg5 {[%emt 0:01:23]} fxg5 {[%emt 0:00:27]} 40. Rf7+ {[%emt 0:00:00]} Kxg6 $18 {[%emt 0:00:42]} 41. Rf5 {[%emt 0:17:12]} g4 {[%emt 0:04:20]} 42. Qe3 {[%emt 0:01:48]} Kg7 {[%emt 0:05:04]} 43. Qa7+ {[%emt 0:00:16]} Kg6 {[%emt 0:08:23]} 44. Ne7+ {[%emt 0:00:43]} Kg7 {[%emt 0:00:43]} 45. Nxc6+ {[%emt 0:00:09]} Kg6 {[%emt 0:00:06]} 46. Ne7+ {[%emt 0:00:31]} Kg7 {[%emt 0:00:18]} 47. Nd5+ {[%emt 0:03:46]} 1-0

[Event "36th Balaton Open A 2018"]
[Site "Balatonlelle"]
[Date "2018.06.18"]
[Round "7"]
[White "Ronce, Nathan"]
[Black "Metaxasz, Vaszilisz"]
[Result "1-0"]
[WhiteElo "2210"]
[BlackElo "2047"]
[Annotator "NA"]
[PlyCount "83"]
[EventDate "2018.06.12"]
[EventType "swiss"]
[EventCountry "HUN"]
[SourceTitle "playchess.com"]
[Source "ChessBase"]
[SourceQuality "1"]
[TimeControl "40/5400+30:1800+30"]

1. e4 {[%emt 0:00:03]} d6 {[%emt 0:06:09]} 2. Nc3 {[%emt 0:01:16]} g6 {[%emt 0:00:29]} 3. g3 {[%emt 0:06:20]} Bg7 {[%emt 0:02:16]} 4. Bg2 {[%emt 0:00:43]} c5 {[%emt 0:01:18]} 5. d3 {[%emt 0:00:11]} Nc6 {[%emt 0:00:08]} 6. Be3 {[%emt 0:00:10]} Bd7 {[%emt 0:04:29]} 7. Qd2 {[%emt 0:00:56]} Rb8 {[%emt 0:00:26] LiveBook: 3 Games} 8. Nge2 {[%emt 0:01:22] B26: Closed Sicilian: 3 g3, lines with early Be3} b5 {[%emt 0:05:17]} 9. O-O {[%emt 0:01:05]} h5 $146 {[%emt 0:01:02]} ({Predecessor:} 9... b4 10. Nd1 Qc8 11. f4 Nh6 12. Kh1 f5 13. e5 dxe5 14. Bxc5 a5 15. c3 Ng4 {1-0 (40) Schwarz,D (2216)-Mezentsev,V (2497) Reno 2006}) 10. f3 {[%emt 0:12:33]} Nf6 {[%emt 0:02:15]} 11. h3 {[%emt 0:18:32]} b4 {[%emt 0:11:02]} 12. Nd1 {[%emt 0:02:51]} a5 {[%emt 0:00:26]} 13. f4 Qc8 {[%emt 0:08:23]} 14. Kh2 {[%emt 0:12:17]} e5 {[%emt 0:03:19]} 15. fxe5 {[%emt 0:08:56]} Nxe5 {[%emt 0:01:07]} 16. Bg5 {[%emt 0:00:42]} Nh7 {[%emt 0:01:26]} 17. Bh6 {[%emt 0:04:03]} O-O {[%emt 0:00:45]} 18. Bxg7 {[%emt 0:00:33]} Kxg7 {[%emt 0:00:03]} 19. Ne3 {[%emt 0:01:17]} Be6 {[%emt 0:05:57]} 20. Nf4 {[%emt 0:01:41]} Qd7 {[%emt 0:01:12]} 21. Rf2 {[%emt 0:00:17]} Qe7 {[%emt 0:14:42]} 22. Nfd5 {[%emt 0:12:53]} Qg5 {[%emt 0:00:39]} 23. Rf4 {[%emt 0:03:40]} Qh6 {[%emt 0:05:42]} 24. Raf1 {[%emt 0:01:22]} Ng5 {[%emt 0:02:18]} 25. h4 {[%emt 0:03:12]} Nh7 {[%emt 0:00:14]} 26. Bh3 {[%emt 0:00:33]} Rbe8 {[%emt 0:07:17]} 27. c3 {[%emt 0:01:35]} g5 {[%emt 0:04:10]} 28. R4f2 {[%emt 0:02:48]} Ng4+ {[%emt 0:02:45]} 29. Bxg4 {[%emt 0:00:14]} hxg4 {[%emt 0:00:12]} 30. Nf5+ {[%emt 0:01:22]} Bxf5 {[%emt 0:00:08]} 31. Rxf5 {[%emt 0:00:21]} Re6 {[%emt 0:02:36]} 32. Nc7 {[%emt 0:01:16]} Re7 {[%emt 0:04:50]} 33. Nb5 {[%emt 0:00:28]} Re6 {[%emt 0:00:12]} 34. Kg2 {[%emt 0:00:25]} gxh4 {[%emt 0:00:02]} 35. Qxh6+ {[%emt 0:00:08]} Rxh6 {[%emt 0:00:35]} 36. gxh4 {[%emt 0:00:10]} bxc3 {[%emt 0:01:04]} 37. bxc3 {[%emt 0:00:05]} Rxh4 {[%emt 0:00:36]} 38. Nxd6 {[%emt 0:00:10]} Rh3 {[%emt 0:01:35]} 39. Rd5 {[%emt 0:02:18]} Nf6 {[%emt 0:01:54]} (39... Rb8 $16 {was necessary.}) 40. Rg5+ {[%emt 0:00:00]} ({Weaker is} 40. Rxc5 Rxd3 41. e5 Nh5 $11) 40... Kh6 {[%emt 0:00:11]} 41. Rgf5 $18 {[%emt 0:05:27]} Kg6 {[%emt 0:01:38]} 42. Rxf6+ {[%emt 0:00:30]} 1-0

[Event "36th Balaton Open A 2018"]
[Site "Balatonlelle"]
[Date "2018.06.18"]
[Round "7"]
[White "Boguszlavszkij, Jevgenyij"]
[Black "Chandratreya Prachiti"]
[Result "0-1"]
[WhiteElo "2170"]
[BlackElo "1729"]
[Annotator "NA"]
[PlyCount "102"]
[EventDate "2018.06.12"]
[EventType "swiss"]
[EventCountry "HUN"]
[SourceTitle "playchess.com"]
[Source "ChessBase"]
[SourceQuality "1"]
[TimeControl "40/5400+30:1800+30"]

1. g3 {[%emt 0:08:06]} Nf6 {[%emt 0:00:43]} 2. Bg2 {[%emt 0:00:05]} g6 {[%emt 0:00:40]} 3. e4 {[%emt 0:01:48]} d6 {[%emt 0:00:37]} 4. Ne2 {[%emt 0:00:26]} Bg7 {[%emt 0:00:10]} 5. O-O {[%emt 0:00:08]} O-O {[%emt 0:00:11]} 6. d4 {[%emt 0:00:46]} e5 {[%emt 0:04:57]} 7. c3 {[%emt 0:01:36]} Nc6 {[%emt 0:01:04] LiveBook: 20 Games} 8. d5 {[%emt 0:00:55] B06: Modern Defence} (8. Re1 Re8 9. d5 Ne7 10. a4 Nd7 11. Na3 f5 12. Nc4 Nf6 13. exf5 Nxf5 14. Bg5 Bh6 15. Bxh6 Nxh6 {½-½ (42) Efimov,I (2408)-McNab,C (2441) Tromsoe 2014}) 8... Ne7 {[%emt 0:02:53]} 9. h3 {[%emt 0:01:38]} Ne8 {[%emt 0:05:36]} 10. c4 $146 {[%emt 0:02:44]} ({Predecessor:} 10. Be3 f5 11. f3 Nf6 12. Nd2 Bd7 13. a4 a6 14. b4 Qc8 15. Kh2 Nh5 {0-1 (49) Gocza,B (1773)-Kassai,Z (2107) Hungary 2003}) 10... f5 {[%emt 0:02:04]} 11. Nbc3 {[%emt 0:00:20]} Nf6 {[%emt 0:03:15]} 12. Bd2 {[%emt 0:03:36]} fxe4 {[%emt 0:02:44]} 13. Kh2 {[%emt 0:01:28]} Bf5 {[%emt 0:09:39]} 14. Bg5 {[%emt 0:03:29]} h6 {[%emt 0:06:38]} 15. Bxf6 {[%emt 0:00:12]} Bxf6 {[%emt 0:00:15]} 16. Nxe4 {[%emt 0:00:17]} Bg7 {[%emt 0:00:58]} 17. N2c3 {[%emt 0:02:43]} b6 {[%emt 0:02:07]} 18. b4 {[%emt 0:01:52]} a5 {[%emt 0:01:29]} 19. a3 {[%emt 0:00:40]} axb4 {[%emt 0:02:02]} 20. axb4 {[%emt 0:00:07]} Kh8 {[%emt 0:00:34]} 21. Qd2 {[%emt 0:01:40]} Rxa1 {[%emt 0:07:01]} 22. Rxa1 {[%emt 0:00:07]} g5 {[%emt 0:02:56]} 23. Ra7 {[%emt 0:04:19]} Nc8 {[%emt 0:01:53]} 24. Ra8 {[%emt 0:02:38]} Qd7 {[%emt 0:00:37]} 25. Qe2 {[%emt 0:07:35]} Ne7 {[%emt 0:01:21]} 26. Ra7 {[%emt 0:00:47]} Nc8 {[%emt 0:00:36]} 27. Ra6 {[%emt 0:04:49]} Ne7 {[%emt 0:06:47]} 28. Nb5 {[%emt 0:01:13]} Nc8 {[%emt 0:06:00]} 29. Ra2 {[%emt 0:03:48]} Qd8 {[%emt 0:05:30]} 30. Ra8 {[%emt 0:04:45]} Qd7 {[%emt 0:01:14]} 31. g4 {[%emt 0:00:43]} Bh7 {[%emt 0:05:33]} 32. Ra2 {[%emt 0:01:58]} Qd8 {[%emt 0:01:16]} 33. Ng3 {[%emt 0:01:01]} e4 {[%emt 0:01:10]} 34. Bxe4 {[%emt 0:00:34]} Be5 {[%emt 0:00:58]} 35. Bxh7 {[%emt 0:01:00]} Kxh7 {[%emt 0:00:10]} 36. Kg2 {[%emt 0:00:22]} Bxg3 {[%emt 0:01:09]} 37. Kxg3 {[%emt 0:00:49]} Qd7 {[%emt 0:03:03]} 38. Qe4+ $18 {[%emt 0:01:49]} Kg7 {[%emt 0:00:41]} 39. Nd4 {[%emt 0:00:29]} Rh8 {[%emt 0:03:30]} 40. Ne6+ {[%emt 0:00:00]} Kf7 {[%emt 0:00:48]} 41. Qf5+ {[%emt 0:03:06]} Ke8 {[%emt 0:01:48]} 42. Qg6+ {[%emt 0:08:01]} Qf7 {[%emt 0:00:26]} 43. Nxc7+ {[%emt 0:00:12]} Kf8 {[%emt 0:00:22]} 44. Ne6+ {[%emt 0:00:14]} Ke7 {[%emt 0:00:41]} 45. Qxf7+ {[%emt 0:02:16]} Kxf7 {[%emt 0:00:08]} 46. Ra8 {[%emt 0:00:08]} Ke7 {[%emt 0:00:19]} 47. Rb8 {[%emt 0:00:43]} Kd7 {[%emt 0:00:33]} 48. h4 {[%emt 0:01:18]} gxh4+ {[%emt 0:00:20]} 49. Kxh4 {[%emt 0:00:08]} Rg8 {[%emt 0:00:13]} 50. f4 {[%emt 0:00:32]} Rg6 {[%emt 0:00:12]} 51. Nf8+ {[%emt 0:00:29]} Ke8 0-1

[Event "36th Balaton Open A 2018"]
[Site "Balatonlelle"]
[Date "2018.06.18"]
[Round "7"]
[White "Gaal, Ede"]
[Black "Radics, Laszlo Dr"]
[Result "1-0"]
[WhiteElo "2141"]
[BlackElo "1909"]
[Annotator "NA"]
[PlyCount "81"]
[EventDate "2018.06.12"]
[EventType "swiss"]
[EventCountry "HUN"]
[SourceTitle "playchess.com"]
[Source "ChessBase"]
[SourceQuality "1"]
[TimeControl "40/5400+30:1800+30"]

1. e4 {[%emt 0:00:06]} e5 {[%emt 0:01:00]} 2. Nf3 {[%emt 0:00:07]} Nc6 {[%emt 0:00:09]} 3. Bb5 {[%emt 0:00:15]} Bc5 {[%emt 0:00:29]} 4. O-O {[%emt 0:00:17]} Nf6 {[%emt 0:00:32]} 5. d3 {[%emt 0:02:48]} d6 {[%emt 0:00:44]} 6. h3 {[%emt 0:01:19]} a6 {[%emt 0:04:10]} 7. Bxc6+ {[%emt 0:04:45]} bxc6 {[%emt 0:01:27]} 8. Bg5 {[%emt 0:00:24]} h6 {[%emt 0:02:53]} 9. Be3 {[%emt 0:04:16]} Bb6 {[%emt 0:03:30]} 10. Nbd2 {[%emt 0:01:08]} Bxe3 {[%emt 0:00:47]} 11. fxe3 {[%emt 0:00:05]} c5 {[%emt 0:00:10]} 12. Rf2 {[%emt 0:00:33]} O-O {[%emt 0:01:21]} 13. Nf1 {[%emt 0:03:46]} Nh7 {[%emt 0:01:05]} 14. Ng3 $11 {[%emt 0:04:19]} f5 {[%emt 0:01:28]} 15. exf5 {[%emt 0:01:38]} Bxf5 {[%emt 0:00:08]} 16. Qe2 {[%emt 0:17:49]} Bd7 {[%emt 0:05:24]} 17. Raf1 {[%emt 0:01:16]} Ng5 {[%emt 0:02:19]} 18. Nxg5 {[%emt 0:05:24]} Qxg5 {[%emt 0:00:09]} 19. Rxf8+ {[%emt 0:00:26]} Rxf8 {[%emt 0:00:27]} 20. Rxf8+ {[%emt 0:00:06]} Kxf8 {[%emt 0:01:21]} 21. Qf3+ {[%emt 0:00:57]} Ke7 {[%emt 0:00:47]} 22. Kf2 {[%emt 0:03:45]} Qf6 {[%emt 0:05:08]} 23. e4 {[%emt 0:01:10]} g6 {[%emt 0:11:37]} 24. Qxf6+ {[%emt 0:01:14]} Kxf6 {[%emt 0:00:25]} 25. Nf1 {[%emt 0:02:07]} Be6 {[%emt 0:05:49]} 26. Ne3 {[%emt 0:03:22]} Bxa2 {[%emt 0:03:58]} 27. b3 {[%emt 0:00:17]} c6 {[%emt 0:00:14]} 28. Ke2 {[%emt 0:01:01]} Ke6 {[%emt 0:01:23]} 29. Kd2 {[%emt 0:00:16]} a5 {[%emt 0:00:39]} 30. Kc3 {[%emt 0:00:37]} a4 {[%emt 0:01:20]} 31. Kb2 {[%emt 0:01:40]} axb3 {[%emt 0:00:52]} 32. cxb3 {[%emt 0:00:07]} Bxb3 {[%emt 0:00:56]} 33. Kxb3 {[%emt 0:00:09]} d5 {[%emt 0:00:26]} 34. g4 {[%emt 0:01:20]} Kf6 {[%emt 0:01:22]} 35. h4 {[%emt 0:03:08]} Ke6 {[%emt 0:01:05]} 36. Ka4 {[%emt 0:01:38]} Kd6 {[%emt 0:00:17]} 37. h5 {[%emt 0:01:31]} gxh5 {[%emt 0:01:07]} 38. gxh5 {[%emt 0:02:23]} c4 {[%emt 0:00:19]} 39. dxc4 {[%emt 0:01:10]} d4 {[%emt 0:00:18]} 40. Nf5+ {[%emt 0:00:00]} Kc5 {[%emt 0:00:22]} 41. Kb3 {[%emt 0:01:10]} 1-0

[Event "36th Balaton Open A 2018"]
[Site "Balatonlelle"]
[Date "2018.06.18"]
[Round "7"]
[White "Leszko, Bence"]
[Black "Bernath, Bence"]
[Result "0-1"]
[WhiteElo "2096"]
[BlackElo "1758"]
[Annotator "NA"]
[PlyCount "86"]
[EventDate "2018.06.12"]
[EventType "swiss"]
[EventCountry "HUN"]
[SourceTitle "playchess.com"]
[Source "ChessBase"]
[SourceQuality "1"]
[TimeControl "40/5400+30:1800+30"]

1. Nf3 {[%emt 0:00:40]} Nf6 {[%emt 0:01:05]} 2. g3 {[%emt 0:00:08]} g6 {[%emt 0:00:34]} 3. Bg2 {[%emt 0:00:05]} Bg7 {[%emt 0:00:24]} 4. O-O {[%emt 0:00:15]} O-O {[%emt 0:00:28]} 5. d4 {[%emt 0:00:07]} d6 {[%emt 0:00:40]} 6. Re1 {[%emt 0:00:34]} Nbd7 {[%emt 0:00:51]} 7. e4 {[%emt 0:00:50]} e5 {[%emt 0:00:33]} 8. c3 {[%emt 0:02:58]} Re8 {[%emt 0:02:42]} 9. Qc2 {[%emt 0:01:05]} Nf8 {[%emt 0:03:49]} 10. Nbd2 {[%emt 0:02:55]} h5 {[%emt 0:02:55]} 11. dxe5 {[%emt 0:02:57]} dxe5 {[%emt 0:00:32]} 12. Nc4 {[%emt 0:00:12]} N6d7 {[%emt 0:01:11]} 13. Rd1 {[%emt 0:02:04]} Nh7 {[%emt 0:01:18]} 14. a4 {[%emt 0:06:56]} Qe7 {[%emt 0:07:24]} 15. b3 {[%emt 0:00:49]} Nb6 {[%emt 0:02:53]} 16. Ba3 $14 Qf6 {[%emt 0:01:30]} 17. Ncd2 {[%emt 0:12:15]} Be6 {[%emt 0:22:46]} 18. a5 {[%emt 0:01:05]} Nd7 {[%emt 0:01:07]} 19. c4 {[%emt 0:04:46]} g5 {[%emt 0:07:06]} 20. h4 {[%emt 0:04:38]} Bg4 {[%emt 0:07:12]} 21. Re1 {[%emt 0:01:21]} Bh6 {[%emt 0:01:29]} 22. hxg5 {[%emt 0:00:52]} Nxg5 {[%emt 0:03:57]} 23. Nxg5 {[%emt 0:01:11]} Bxg5 {[%emt 0:01:49]} 24. Nf1 {[%emt 0:04:38]} Kg7 {[%emt 0:04:16]} 25. Nh2 {[%emt 0:01:13]} Be6 {[%emt 0:04:20]} 26. Nf3 Bg4 {[%emt 0:01:33]} 27. Nxg5 {[%emt 0:05:41]} Qxg5 {[%emt 0:00:11]} 28. Bc1 {[%emt 0:02:06]} Qg6 {[%emt 0:00:31]} 29. f3 {[%emt 0:00:54]} Be6 {[%emt 0:00:31]} 30. Kf2 {[%emt 0:01:00]} f5 {[%emt 0:03:26]} 31. exf5 {[%emt 0:06:43]} Bxf5 {[%emt 0:00:17]} 32. Qc3 {[%emt 0:00:18]} Kg8 {[%emt 0:02:42]} 33. b4 {[%emt 0:01:29]} Re7 {[%emt 0:03:25]} 34. f4 Rae8 {[%emt 0:01:14]} 35. Bd5+ {[%emt 0:10:18]} Kh7 {[%emt 0:00:47]} 36. Bb2 {[%emt 0:00:43]} Nf6 {[%emt 0:01:08]} 37. Bf3 {[%emt 0:04:04]} Ne4+ {[%emt 0:02:41]} 38. Bxe4 {[%emt 0:00:22]} Bxe4 {[%emt 0:00:06]} 39. Rad1 {[%emt 0:07:02]} exf4 {[%emt 0:01:17]} 40. g4 {[%emt 0:00:00]} Qxg4 {[%emt 0:04:04]} 41. Rg1 {[%emt 0:07:38]} Bg2 {[%emt 0:05:13]} 42. Qd3+ {[%emt 0:03:01]} Kh6 {[%emt 0:02:57]} 43. Rd2 {[%emt 0:03:10]} Re2+ {[%emt 0:00:11] Bc1} 0-1

[Event "36th Balaton Open A 2018"]
[Site "Balatonlelle"]
[Date "2018.06.18"]
[Round "7"]
[White "Ananya Rishi Gupta"]
[Black "Kincs, Imre"]
[Result "1/2-1/2"]
[WhiteElo "1968"]
[BlackElo "2210"]
[Annotator "NA"]
[PlyCount "99"]
[EventDate "2018.06.12"]
[EventType "swiss"]
[EventCountry "HUN"]
[SourceTitle "playchess.com"]
[Source "ChessBase"]
[SourceQuality "1"]
[TimeControl "40/5400+30:1800+30"]

1. e4 {[%emt 0:00:04]} g6 {[%emt 0:10:54]} 2. d4 Bg7 {[%emt 0:00:03]} 3. Nf3 {[%emt 0:01:04]} d6 {[%emt 0:00:05]} 4. Nc3 {[%emt 0:00:54]} a6 {[%emt 0:01:30]} 5. a4 {[%emt 0:01:43]} Nc6 {[%emt 0:00:40] LiveBook: 36 Partien} 6. Be3 {[%emt 0:00:34]} Bg4 {[%emt 0:01:59]} 7. Be2 {[%emt 0:00:41]} e5 {[%emt 0:00:28]} 8. dxe5 {[%emt 0:04:58]} Bxf3 {[%emt 0:00:50]} 9. Bxf3 {[%emt 0:00:36]} Nxe5 {[%emt 0:01:11]} 10. Be2 {[%emt 0:00:36]} h5 {[%emt 0:01:25]} 11. Bd4 {[%emt 0:06:24]} Kf8 12. Bxe5 {[%emt 0:00:52]} Bxe5 {[%emt 0:00:19]} 13. Qd2 {[%emt 0:01:52]} g5 {[%emt 0:01:24]} 14. Bd3 {[%emt 0:09:10]} c6 {[%emt 0:01:57]} 15. Ne2 {[%emt 0:04:27]} Qf6 {[%emt 0:00:50]} 16. c3 {[%emt 0:01:10]} Ne7 {[%emt 0:01:17]} 17. Qe3 {[%emt 0:06:17]} Ng6 {[%emt 0:03:50]} 18. g3 {[%emt 0:05:03]} g4 {[%emt 0:02:22]} 19. Kd2 {[%emt 0:03:55]} Kg7 {[%emt 0:02:00]} 20. f4 {[%emt 0:05:26]} gxf3 {[%emt 0:00:07]} 21. Rhf1 {[%emt 0:00:29]} fxe2 {[%emt 0:04:27]} 22. Rxf6 {[%emt 0:00:36]} Bxf6 {[%emt 0:00:05]} 23. Qxe2 {[%emt 0:00:31]} Ne5 {[%emt 0:01:47]} 24. Rf1 {[%emt 0:01:09]} Bg5+ {[%emt 0:02:15]} 25. Kc2 {[%emt 0:00:59]} h4 {[%emt 0:00:43]} 26. g4 {[%emt 0:11:08]} b5 {[%emt 0:09:37]} 27. h3 {[%emt 0:03:21]} Rhe8 {[%emt 0:03:10]} 28. Qf2 {[%emt 0:03:49]} bxa4 {[%emt 0:25:04]} 29. Ra1 {[%emt 0:11:13]} Re6 {[%emt 0:02:51]} 30. Rxa4 {[%emt 0:00:39]} (30. Qd4 $16) 30... Rf6 {[%emt 0:00:22]} 31. Qd4 {[%emt 0:07:46]} c5 {[%emt 0:00:57]} 32. Qd5 {[%emt 0:00:54]} Rb8 {[%emt 0:00:22]} 33. Be2 {[%emt 0:00:58]} Rf2 {[%emt 0:03:57]} 34. Qd1 {[%emt 0:00:10]} a5 {[%emt 0:00:30]} 35. Kb1 {[%emt 0:01:18]} Rb6 {[%emt 0:03:16]} 36. Rxa5 {[%emt 0:05:14]} Nc4 {[%emt 0:00:01]} 37. Ra2 {[%emt 0:01:05]} Nd2+ {[%emt 0:00:01]} 38. Ka1 {[%emt 0:00:49]} Nxe4 {[%emt 0:01:24]} 39. Ra6 {[%emt 0:00:40]} Rxa6+ 40. Bxa6 {[%emt 0:00:00]} Bd2 {[%emt 0:03:50]} 41. Bc4 {[%emt 0:09:30]} Ng3 {[%emt 0:01:57]} 42. Qc2 {[%emt 0:02:01]} Nf1 {[%emt 0:04:43]} (42... Be3 {keeps fighting.} 43. Qd3 Bf4) 43. Bxf1 {[%emt 0:01:29]} Rxf1+ {[%emt 0:00:01]} 44. Ka2 {[%emt 0:00:10]} Bg5 {[%emt 0:01:39]} 45. Qd3 {[%emt 0:00:38]} Rf6 $18 {[%emt 0:00:46]} 46. Qd5 {[%emt 0:01:11]} Bf4 {[%emt 0:00:12]} 47. Qh5 {[%emt 0:02:09]} Bg3 {[%emt 0:00:14]} 48. Qg5+ {[%emt 0:00:09]} Rg6 {[%emt 0:00:08]} 49. Qf5 {[%emt 0:00:14]} Re6 {[%emt 0:00:21]} 50. Qg5+ {[%emt 0:00:17]} 1/2-1/2

[Event "36th Balaton Open A 2018"]
[Site "Balatonlelle"]
[Date "2018.06.18"]
[Round "7"]
[White "Tancsa, Tamas"]
[Black "Atkins, Rita"]
[Result "1-0"]
[WhiteElo "1965"]
[BlackElo "2071"]
[Annotator "NA"]
[PlyCount "39"]
[EventDate "2018.06.12"]
[EventType "swiss"]
[EventCountry "HUN"]
[SourceTitle "playchess.com"]
[Source "ChessBase"]
[SourceQuality "1"]
[TimeControl "40/5400+30:1800+30"]

1. e4 {[%emt 0:00:11]} e6 {[%emt 0:00:43]} 2. d4 {[%emt 0:00:16]} d5 {[%emt 0:00:03]} 3. Nc3 {[%emt 0:00:33]} Bb4 {[%emt 0:00:24]} 4. e5 {[%emt 0:00:19]} c5 {[%emt 0:00:13]} 5. a3 {[%emt 0:00:18]} Bxc3+ {[%emt 0:00:05]} 6. bxc3 {[%emt 0:00:34]} Ne7 {[%emt 0:00:19]} 7. Qg4 {[%emt 0:00:19]} O-O {[%emt 0:01:05]} 8. Bd3 {[%emt 0:00:20]} f5 {[%emt 0:00:47]} 9. exf6 {[%emt 0:00:27]} Rxf6 {[%emt 0:00:09]} 10. Bg5 {[%emt 0:00:56]} Rf7 {[%emt 0:00:33]} 11. Qh5 {[%emt 0:04:20]} g6 {[%emt 0:01:32]} 12. Qh4 {[%emt 0:08:20]} Qa5 {[%emt 0:10:04]} 13. Bxe7 {[%emt 0:22:16]} Qxc3+ {[%emt 0:00:40]} 14. Ke2 {[%emt 0:00:12]} Qxa1 {[%emt 0:01:32]} 15. Nf3 $17 {[%emt 0:01:11]} Qxh1 {[%emt 0:19:30]} 16. Ne5 {[%emt 0:00:36]} Rg7 {[%emt 0:04:24]} 17. Bf6 {[%emt 0:00:42]} Nc6 {[%emt 0:10:53]} 18. Qh6 {[%emt 0:01:35]} Nxd4+ {[%emt 0:06:02]} 19. Kd2 {[%emt 0:00:32]} Rc7 {[%emt 0:09:16]} 20. Nxg6 {[%emt 0:00:12]} 1-0